A Textbook of Estimating and Costing (civil) Quantity surveying (Record no. 4524)

MARC details
000 -LEADER
fixed length control field 00381nam a22001337a 4500
008 - FIXED-LENGTH DATA ELEMENTS--GENERAL INFORMATION
fixed length control field 260210b |||||||| |||| 00| 0 eng d
020 ## - INTERNATIONAL STANDARD BOOK NUMBER
ISBN 9788121903325
100 ## - MAIN ENTRY--AUTHOR
Author Kohli, D. D
245 ## - TITLE STATEMENT
Title A Textbook of Estimating and Costing (civil) Quantity surveying
650 ## - TRACINGS
Main Subject 1. Building Estimate 2. Engineering Estimate
942 ## - ADDED ENTRY ELEMENTS (KOHA)
Item type Books
050 ## - LIBRARY OF CONGRESS CALL NUMBER
Classification number TA183
Item number .K64
Holdings
Source of classification or shelving scheme Not for loan Permanent location Current location Date acquired Accession No. Full call number Barcode. Copy number Koha item type
Library of Congress Classification   Samuel Ogbemudia Main Library, University of Abuja Samuel Ogbemudia Main Library, University of Abuja 02/10/2026 2025/69251-52 TA183 .K64 2026-0008 2 Books
Library of Congress Classification   Samuel Ogbemudia Main Library, University of Abuja Samuel Ogbemudia Main Library, University of Abuja 02/10/2026 2025/69251-52 TA183 .K64 2026-0009 2 Books
Library of Congress Classification   Samuel Ogbemudia Main Library, University of Abuja Samuel Ogbemudia Main Library, University of Abuja 02/10/2026 2025/69251-52 TA183 .K64 2026-0010 2 Books